Statistics for Tanks of the Cold War

Click here to take the quiz!

General Stats

  • This quiz has been taken 359 times
  • The average score is 8 of 16

Answer Stats

Answer% Correct
T-72
85%
T-55
84%
IS-3
76%
T-62
72%
Leopard 1
70%
Centurion
62%
PT-76
57%
AMX-13
56%
M48 Patton
53%
M103
51%
M60 Patton
49%
T-64
47%
M551 Sheridan
32%
Type 74
25%
Type 61
19%
Cheiftain
9%

Score Distribution

Percentile by Number Answered

Percent of People with Each Score

Your Score History

You have not taken this quiz